[Event "European Women's Championship"]
[Site "Vysoke Tatry"]
[Date "2018.04.08"]
[Round "1"]
[White "Osmanodja, Filiz"]
[Black "Muzychuk, Mariya"]
[Result "0-1"]
[Board "1"]
[WhiteElo "2300"]
[WhiteTitle "WIM"]
[WhiteCountry "GER"]
[WhiteFideId "24633569"]
[WhiteEloChange "-4"]
[BlackElo "2540"]
[BlackTitle "GM"]
[BlackCountry "UKR"]
[BlackFideId "14114550"]
[BlackEloChange "2"]

1. e4 {[%clk 1:30:58]} c5 {[%clk 1:30:41]} 2. Nc3 {[%clk 1:31:05]} e6 {[%clk
1:30:42]} 3. Nf3 {[%clk 1:30:02]} a6 {[%clk 1:30:53]} 4. d4 {[%clk 1:30:05]} cxd4
{[%clk 1:31:17]} 5. Nxd4 {[%clk 1:30:32]} Qc7 {[%clk 1:31:32]} 6. Bd3 {[%clk
1:27:30]} Nf6 {[%clk 1:29:57]} 7. O-O {[%clk 1:27:00]} Nc6 {[%clk 1:30:13]} 8.
Nxc6 {[%clk 1:25:34]} bxc6 {[%clk 1:30:05]} 9. Bg5 {[%clk 1:15:27]} Be7 {[%clk
1:18:59]} 10. Qe2 {[%clk 1:06:15]} h6 {[%clk 1:10:38]} 11. Bh4 {[%clk 1:00:46]}
d5 {[%clk 1:10:30]} 12. e5 {[%clk 0:54:30]} Ng8 {[%clk 1:03:28]} 13. Bg3 {[%clk
0:43:27]} Bc5 {[%clk 0:31:57]} 14. Na4 {[%clk 0:40:13]} Ba7 {[%clk 0:32:09]} 15.
Qg4 {[%clk 0:38:31]} Kf8 {[%clk 0:24:52]} 16. c4 {[%clk 0:35:33]} Ne7 {[%clk
0:23:21]} 17. c5 {[%clk 0:33:48]} Nf5 {[%clk 0:16:51]} 18. Bxf5 {[%clk 0:30:43]}
exf5 {[%clk 0:17:17]} 19. Qd4 {[%clk 0:30:16]} Be6 {[%clk 0:17:27]} 20. f4 {[%clk
0:26:16]} Kg8 {[%clk 0:17:34]} 21. Be1 {[%clk 0:24:22]} Rb8 {[%clk 0:16:10]} 22.
b4 {[%clk 0:19:06]} Kh7 {[%clk 0:16:10]} 23. a3 {[%clk 0:12:34]} Qb7 {[%clk
0:14:38]} 24. Bc3 {[%clk 0:05:56]} Rbg8 {[%clk 0:13:16]} 25. Nb2 {[%clk 0:04:56]}
Bb8 {[%clk 0:12:22]} 26. a4 {[%clk 0:04:16]} g5 {[%clk 0:09:48]} 27. Nd3 {[%clk
0:03:54]} Rg6 {[%clk 0:09:50]} 28. Kh1 {[%clk 0:03:24]} Rhg8 {[%clk 0:08:12]} 29.
g3 {[%clk 0:02:51]} Bc7 {[%clk 0:07:21]} 30. Rfb1 {[%clk 0:02:09]} Bd8 {[%clk
0:05:59]} 31. Bd2 {[%clk 0:00:44]} g4 {[%clk 0:05:10]} 32. Be3 {[%clk 0:00:49]}
h5 {[%clk 0:05:23]} 33. Kg2 {[%clk 0:01:01]} h4 {[%clk 0:05:29]} 34. Bf2 {[%clk
0:00:54]} Rh6 {[%clk 0:05:41]} 35. Rh1 {[%clk 0:00:50]} Kg6 {[%clk 0:04:28]} 36.
gxh4 {[%clk 0:00:39]} Bxh4 {[%clk 0:03:23]} 37. h3 {[%clk 0:00:44]} Rgh8 {[%clk
0:01:49]} 38. hxg4 {[%clk 0:00:56]} fxg4 {[%clk 0:02:05]} 39. f5+ {[%clk
0:00:45]} Bxf5 {[%clk 0:02:15]} 40. Nf4+ {[%clk 0:30:44]} Kg7 {[%clk 0:30:58]}
41. Bxh4 {[%clk 0:23:44]} Rxh4 {[%clk 0:30:47]} 42. e6+ {[%clk 0:21:32]} f6
{[%clk 0:19:38]} 43. Rxh4 {[%clk 0:19:41]} Rxh4 {[%clk 0:20:05]} 44. b5 {[%clk
0:12:11]} Rh8 {[%clk 0:14:25]} 45. Kg3 {[%clk 0:03:20]} Qb8 {[%clk 0:13:02]} 46.
Rf1 {[%clk 0:00:44]} Qe5 {[%clk 0:05:09]} 47. Qxe5 {[%clk 0:00:44]} fxe5 {[%clk
0:05:09]} 48. Ng2 {[%clk 0:00:36]} Bxe6 {[%clk 0:05:45]} 49. b6 {[%clk 0:00:40]}
Rh3+ {[%clk 0:03:55]} 50. Kf2 {[%clk 0:01:09]} Rb3 {[%clk 0:04:12]} 51. Ne3
{[%clk 0:00:37]} g3+ {[%clk 0:03:02]} 52. Ke2 {[%clk 0:00:40]} d4 {[%clk
0:03:24]} 53. Nf5+ {[%clk 0:00:40]} Bxf5 {[%clk 0:02:09]} 54. Rxf5 {[%clk
0:01:09]} e4 {[%clk 0:02:10]} 55. Rf4 {[%clk 0:00:45]} Rb2+ {[%clk 0:01:56]} 56.
Kf1 {[%clk 0:00:42]} g2+ {[%clk 0:02:10]} 57. Kg1 {[%clk 0:01:08]} d3 {[%clk
0:02:28]} 58. Rxe4 {[%clk 0:00:35]} d2 {[%clk 0:02:32]} 59. Rg4+ {[%clk 0:00:38]}
Kf6 {[%clk 0:02:51]} 60. Rd4 {[%clk 0:00:41]} Rb1+ {[%clk 0:03:11]} 61. Kxg2
{[%clk 0:00:55]} d1Q {[%clk 0:03:36]} 0-1

[Event "European Women's Championship"]
[Site "Vysoke Tatry"]
[Date "2018.04.08"]
[Round "1"]
[White "Batsiashvili, Nino"]
[Black "Ozturk, Kubra"]
[Result "1/2-1/2"]
[Board "2"]
[WhiteElo "2521"]
[WhiteTitle "IM"]
[WhiteCountry "GEO"]
[WhiteFideId "13602993"]
[WhiteEloChange "-3"]
[BlackElo "2295"]
[BlackTitle "WGM"]
[BlackCountry "TUR"]
[BlackFideId "6302599"]
[BlackEloChange "6"]

1. c4 {[%clk 1:30:57]} e5 {[%clk 1:30:40]} 2. Nc3 {[%clk 1:31:17]} Bb4 {[%clk
1:30:37]} 3. Nf3 {[%clk 1:29:18]} Bxc3 {[%clk 1:20:53]} 4. bxc3 {[%clk 1:29:26]}
e4 {[%clk 1:18:16]} 5. Nd4 {[%clk 1:26:39]} Nf6 {[%clk 1:17:08]} 6. g3 {[%clk
1:20:29]} O-O {[%clk 1:11:54]} 7. Bg2 {[%clk 1:20:54]} d6 {[%clk 1:09:40]} 8. O-O
{[%clk 1:20:53]} Na6 {[%clk 0:58:16]} 9. f3 {[%clk 1:17:12]} exf3 {[%clk
0:51:34]} 10. Rxf3 {[%clk 1:14:44]} Bg4 {[%clk 0:34:35]} 11. Rf2 {[%clk 1:14:20]}
Nc5 {[%clk 0:32:34]} 12. d3 {[%clk 1:12:49]} Nfd7 {[%clk 0:27:25]} 13. Qf1 {[%clk
0:52:19]} c6 {[%clk 0:26:09]} 14. h3 {[%clk 0:43:33]} Be6 {[%clk 0:24:05]} 15.
Nf5 {[%clk 0:39:55]} d5 {[%clk 0:18:30]} 16. cxd5 {[%clk 0:38:21]} cxd5 {[%clk
0:18:37]} 17. Ba3 {[%clk 0:37:37]} Re8 {[%clk 0:10:37]} 18. Nd6 {[%clk 0:33:30]}
Rf8 {[%clk 0:10:41]} 19. d4 {[%clk 0:32:10]} Na4 {[%clk 0:10:50]} 20. c4 {[%clk
0:32:10]} Ndb6 {[%clk 0:04:27]} 21. c5 {[%clk 0:19:51]} Nc8 {[%clk 0:03:52]} 22.
Nxb7 {[%clk 0:19:04]} Qc7 {[%clk 0:03:58]} 23. Nd6 {[%clk 0:16:31]} Nxd6 {[%clk
0:04:16]} 24. cxd6 {[%clk 0:16:57]} Qc3 {[%clk 0:04:07]} 25. Rf3 {[%clk 0:12:12]}
Qxd4+ {[%clk 0:04:35]} 26. Kh2 {[%clk 0:12:25]} Nb6 {[%clk 0:04:45]} 27. Rd3
{[%clk 0:11:12]} Qe5 {[%clk 0:04:40]} 28. Rad1 {[%clk 0:11:21]} Rfd8 {[%clk
0:03:41]} 29. Qf3 {[%clk 0:06:09]} Rac8 {[%clk 0:03:02]} 30. Re3 {[%clk 0:04:48]}
Qf6 {[%clk 0:02:47]} 31. Qxf6 {[%clk 0:04:22]} gxf6 {[%clk 0:03:16]} 32. Red3
{[%clk 0:04:46]} Nc4 {[%clk 0:02:44]} 33. e4 {[%clk 0:01:51]} dxe4 {[%clk
0:03:01]} 34. Bxe4 {[%clk 0:02:20]} f5 {[%clk 0:02:15]} 35. Bg2 {[%clk 0:01:52]}
Nxa3 {[%clk 0:01:31]} 36. Rxa3 {[%clk 0:02:21]} Rc2 {[%clk 0:01:09]} 37. Rxa7
{[%clk 0:02:41]} Bxa2 {[%clk 0:00:59]} 38. Kg1 {[%clk 0:02:26]} Be6 {[%clk
0:01:09]} 39. Ra3 {[%clk 0:00:45]} Kg7 {[%clk 0:01:28]} 40. Re3 {[%clk 0:30:50]}
Kf6 {[%clk 0:31:23]} 41. h4 {[%clk 0:30:35]} Rb2 {[%clk 0:22:38]} 42. Rc3 {[%clk
0:25:47]} Rb3 {[%clk 0:20:03]} 43. Rxb3 {[%clk 0:25:49]} Bxb3 {[%clk 0:20:31]}
44. Rd2 {[%clk 0:21:57]} Be6 {[%clk 0:19:32]} 45. Bc6 {[%clk 0:21:09]} Bd7 {[%clk
0:18:17]} 46. Bb7 {[%clk 0:17:36]} Be6 {[%clk 0:18:15]} 47. Kf2 {[%clk 0:17:32]}
Ke5 {[%clk 0:18:06]} 48. Ke3 {[%clk 0:17:37]} Rxd6 {[%clk 0:17:40]} 49. Rxd6
{[%clk 0:17:55]} Kxd6 {[%clk 0:18:08]} 50. Kf4 {[%clk 0:18:19]} h6 {[%clk
0:17:51]} 51. Ba6 {[%clk 0:18:24]} Ke7 {[%clk 0:17:57]} 52. Ke5 {[%clk 0:18:40]}
f6+ {[%clk 0:18:11]} 53. Kf4 {[%clk 0:18:55]} Kf7 {[%clk 0:18:26]} 54. Bd3 {[%clk
0:19:19]} Kg7 {[%clk 0:16:22]} 55. Bxf5 {[%clk 0:19:42]} Bd5 {[%clk 0:16:47]} 56.
Bd3 {[%clk 0:19:42]} 1/2-1/2

[Event "European Women's Championship"]
[Site "Vysoke Tatry"]
[Date "2018.04.08"]
[Round "1"]
[White "Worek, Joanna"]
[Black "Dzagnidze, Nana"]
[Result "0-1"]
[Board "3"]
[WhiteElo "2295"]
[WhiteTitle "WGM"]
[WhiteCountry "CZE"]
[WhiteFideId "1118080"]
[WhiteEloChange "-5"]
[BlackElo "2507"]
[BlackTitle "GM"]
[BlackCountry "GEO"]
[BlackFideId "13601903"]
[BlackEloChange "2"]

1. e4 {[%clk 1:30:57]} c5 {[%clk 1:30:53]} 2. Nf3 {[%clk 1:31:22]} e6 {[%clk
1:31:16]} 3. d4 {[%clk 1:31:47]} cxd4 {[%clk 1:31:42]} 4. Nxd4 {[%clk 1:32:10]}
a6 {[%clk 1:32:10]} 5. Bd3 {[%clk 1:32:32]} Bc5 {[%clk 1:32:32]} 6. Nb3 {[%clk
1:32:56]} Ba7 {[%clk 1:32:57]} 7. O-O {[%clk 1:33:08]} Nc6 {[%clk 1:32:37]} 8.
Nc3 {[%clk 1:32:37]} Nf6 {[%clk 1:31:41]} 9. Qe2 {[%clk 1:31:51]} d6 {[%clk
1:31:12]} 10. Be3 {[%clk 1:30:22]} Bxe3 {[%clk 1:20:05]} 11. Qxe3 {[%clk
1:30:46]} O-O {[%clk 1:20:19]} 12. Rad1 {[%clk 1:25:51]} b5 {[%clk 1:16:58]} 13.
Kh1 {[%clk 1:17:13]} Bb7 {[%clk 1:09:45]} 14. f4 {[%clk 1:14:21]} b4 {[%clk
0:51:58]} 15. Ne2 {[%clk 1:01:24]} e5 {[%clk 0:34:34]} 16. c4 {[%clk 0:48:37]}
exf4 {[%clk 0:20:12]} 17. Rxf4 {[%clk 0:40:27]} Re8 {[%clk 0:18:58]} 18. Ng3
{[%clk 0:39:54]} Ne5 {[%clk 0:17:27]} 19. Rdf1 {[%clk 0:37:24]} Nfg4 {[%clk
0:15:11]} 20. Qg1 {[%clk 0:25:38]} Nxd3 {[%clk 0:02:58]} 21. Rxg4 {[%clk
0:26:02]} Bc8 {[%clk 0:02:58]} 22. Nf5 {[%clk 0:11:14]} Bxf5 {[%clk 0:02:49]} 23.
Rxf5 {[%clk 0:11:31]} Rc8 {[%clk 0:01:56]} 24. Nd2 {[%clk 0:08:34]} Ne5 {[%clk
0:01:47]} 25. Rgf4 {[%clk 0:07:59]} Nxc4 {[%clk 0:00:36]} 26. Qd4 {[%clk
0:04:23]} Qb6 {[%clk 0:00:38]} 27. Qd5 {[%clk 0:04:48]} Ne5 {[%clk 0:00:45]} 28.
h3 {[%clk 0:03:06]} Rc5 {[%clk 0:00:35]} 29. Qb3 {[%clk 0:03:31]} Rc1+ {[%clk
0:00:51]} 30. Rf1 {[%clk 0:03:39]} Rxf1+ {[%clk 0:01:10]} 31. Rxf1 {[%clk
0:04:05]} Qb5 {[%clk 0:00:39]} 32. Rf5 {[%clk 0:01:06]} Qc5 {[%clk 0:00:35]} 33.
Kh2 {[%clk 0:01:01]} g6 {[%clk 0:00:54]} 34. Rf1 {[%clk 0:00:57]} Kg7 {[%clk
0:01:19]} 35. Nf3 {[%clk 0:00:57]} Qc4 {[%clk 0:00:49]} 36. Qd1 {[%clk 0:00:43]}
Qxa2 {[%clk 0:00:38]} 37. b3 {[%clk 0:00:54]} Qb2 {[%clk 0:00:38]} 38. Nd4 {[%clk
0:00:38]} Qc3 {[%clk 0:00:49]} 39. Qa1 {[%clk 0:00:32]} Qe3 {[%clk 0:00:36]} 40.
Qa4 {[%clk 0:30:57]} Rb8 {[%clk 0:30:35]} 41. Nc6 {[%clk 0:30:03]} Nxc6 {[%clk
0:13:38]} 42. Qxc6 {[%clk 0:30:27]} Qxb3 {[%clk 0:14:04]} 43. Qxd6 {[%clk
0:30:30]} Re8 {[%clk 0:14:19]} 44. Qf6+ {[%clk 0:25:06]} Kg8 {[%clk 0:14:36]} 45.
Qxa6 {[%clk 0:25:31]} Qe6 {[%clk 0:14:33]} 46. Qb7 {[%clk 0:25:51]} Qe7 {[%clk
0:09:07]} 47. Qd5 {[%clk 0:20:43]} Rb8 {[%clk 0:05:45]} 48. e5 {[%clk 0:14:31]}
b3 {[%clk 0:05:27]} 49. Qd6 {[%clk 0:14:41]} Qe8 {[%clk 0:05:20]} 50. Re1 {[%clk
0:09:24]} b2 {[%clk 0:04:54]} 51. Rb1 {[%clk 0:08:59]} Rb5 {[%clk 0:04:52]} 52.
g3 {[%clk 0:03:46]} Qb8 {[%clk 0:03:57]} 53. Qd4 {[%clk 0:03:53]} Qb6 {[%clk
0:03:16]} 54. Qd2 {[%clk 0:04:10]} Rb3 {[%clk 0:03:23]} 55. h4 {[%clk 0:04:20]}
Kg7 {[%clk 0:02:54]} 56. Qf4 {[%clk 0:03:45]} Qc6 {[%clk 0:01:34]} 57. Qf2 {[%clk
0:01:36]} Qb6 {[%clk 0:01:45]} 58. Qf4 {[%clk 0:01:55]} h5 {[%clk 0:02:14]} 59.
Rf1 {[%clk 0:01:36]} Qe6 {[%clk 0:02:19]} 60. Rb1 {[%clk 0:02:05]} Qf5 {[%clk
0:02:23]} 61. Qd4 {[%clk 0:01:49]} Qc2+ {[%clk 0:02:20]} 62. Kh3 {[%clk 0:02:10]}
Qxb1 {[%clk 0:02:33]} 63. e6+ {[%clk 0:01:57]} Kh7 {[%clk 0:02:59]} 64. e7 {[%clk
0:02:09]} Qh1# {[%clk 0:03:18]} 0-1

[Event "European Women's Championship"]
[Site "Vysoke Tatry"]
[Date "2018.04.08"]
[Round "1"]
[White "Gunina, Valentina"]
[Black "Sedina, Elena"]
[Result "1-0"]
[Board "4"]
[WhiteElo "2507"]
[WhiteTitle "GM"]
[WhiteCountry "RUS"]
[WhiteFideId "4167570"]
[WhiteEloChange "2"]
[BlackElo "2292"]
[BlackTitle "IM"]
[BlackCountry "ITA"]
[BlackFideId "812153"]
[BlackEloChange "-4"]

1. e4 {[%clk 1:30:53]} e6 {[%clk 1:30:42]} 2. d4 {[%clk 1:31:18]} d5 {[%clk
1:31:08]} 3. Nc3 {[%clk 1:31:41]} Bb4 {[%clk 1:29:29]} 4. a3 {[%clk 1:31:53]}
Bxc3+ {[%clk 1:29:02]} 5. bxc3 {[%clk 1:32:18]} dxe4 {[%clk 1:27:53]} 6. Qg4
{[%clk 1:32:39]} Nf6 {[%clk 1:28:16]} 7. Qxg7 {[%clk 1:33:06]} Rg8 {[%clk
1:28:40]} 8. Qh6 {[%clk 1:33:32]} c5 {[%clk 1:26:15]} 9. Ne2 {[%clk 1:33:55]} Bd7
{[%clk 1:17:42]} 10. dxc5 {[%clk 1:27:17]} Ba4 {[%clk 1:14:53]} 11. Be3 {[%clk
1:17:14]} Nbd7 {[%clk 1:09:16]} 12. Nd4 {[%clk 1:15:04]} Qa5 {[%clk 1:05:44]} 13.
Bd2 {[%clk 1:14:05]} Qxc5 {[%clk 0:42:08]} 14. Rb1 {[%clk 1:13:50]} Rg6 {[%clk
0:30:20]} 15. Qh3 {[%clk 1:11:50]} O-O-O {[%clk 0:16:56]} 16. Qe3 {[%clk
1:02:31]} Ne5 {[%clk 0:09:51]} 17. h3 {[%clk 0:59:33]} a6 {[%clk 0:04:52]} 18. f4
{[%clk 0:46:16]} exf3 {[%clk 0:04:28]} 19. gxf3 {[%clk 0:46:45]} Nc6 {[%clk
0:01:38]} 20. Bd3 {[%clk 0:44:37]} Nd5 {[%clk 0:00:55]} 21. Qf2 {[%clk 0:45:05]}
Nxc3 {[%clk 0:00:36]} 22. Nxc6 {[%clk 0:45:06]} Qxf2+ {[%clk 0:00:36]} 23. Kxf2
{[%clk 0:45:34]} Nxb1 {[%clk 0:00:40]} 24. Nxd8 {[%clk 0:45:24]} 1-0

[Event "European Women's Championship"]
[Site "Vysoke Tatry"]
[Date "2018.04.08"]
[Round "1"]
[White "Injac, Teodora"]
[Black "Goryachkina, Aleksandra"]
[Result "1/2-1/2"]
[Board "5"]
[WhiteElo "2290"]
[WhiteTitle "WIM"]
[WhiteCountry "SRB"]
[WhiteFideId "932400"]
[WhiteEloChange "5"]
[BlackElo "2495"]
[BlackTitle "WGM"]
[BlackCountry "RUS"]
[BlackFideId "4147103"]
[BlackEloChange "-3"]

1. d4 {[%clk 1:30:57]} d5 {[%clk 1:30:52]} 2. Bf4 {[%clk 1:30:52]} Nf6 {[%clk
1:30:43]} 3. e3 {[%clk 1:30:32]} c5 {[%clk 1:30:12]} 4. Nf3 {[%clk 1:29:51]} Nc6
{[%clk 1:29:45]} 5. c3 {[%clk 1:29:50]} Qb6 {[%clk 1:29:10]} 6. Qc2 {[%clk
1:28:27]} g6 {[%clk 1:23:04]} 7. Nbd2 {[%clk 1:26:14]} Bg7 {[%clk 1:20:49]} 8. h3
{[%clk 1:24:39]} O-O {[%clk 1:19:13]} 9. Be2 {[%clk 1:00:58]} Bf5 {[%clk
1:17:42]} 10. Qb3 {[%clk 0:57:22]} c4 {[%clk 1:16:24]} 11. Qxb6 {[%clk 0:54:13]}
axb6 {[%clk 1:16:47]} 12. g4 {[%clk 0:51:07]} Be6 {[%clk 1:15:16]} 13. a3 {[%clk
0:44:49]} b5 {[%clk 1:14:39]} 14. Rd1 {[%clk 0:37:27]} Ra6 {[%clk 1:12:04]} 15.
Kf1 {[%clk 0:37:08]} Rfa8 {[%clk 1:09:17]} 16. Kg2 {[%clk 0:36:33]} h6 {[%clk
1:01:27]} 17. Ne5 {[%clk 0:31:17]} g5 {[%clk 0:52:57]} 18. Bg3 {[%clk 0:20:04]}
Ne4 {[%clk 0:47:35]} 19. Nxe4 {[%clk 0:08:32]} dxe4 {[%clk 0:47:46]} 20. f4
{[%clk 0:05:12]} Rd8 {[%clk 0:43:48]} 21. f5 {[%clk 0:02:32]} Bd5 {[%clk
0:42:30]} 22. h4 {[%clk 0:02:10]} f6 {[%clk 0:33:15]} 23. Nxc6 {[%clk 0:01:42]}
bxc6 {[%clk 0:33:32]} 24. Rd2 {[%clk 0:00:46]} e6 {[%clk 0:32:47]} 25. hxg5
{[%clk 0:00:42]} hxg5 {[%clk 0:32:34]} 26. Rdd1 {[%clk 0:00:37]} Raa8 {[%clk
0:28:40]} 27. Bc7 {[%clk 0:00:44]} Rd7 {[%clk 0:28:51]} 28. Bb6 {[%clk 0:00:35]}
Bf8 {[%clk 0:21:43]} 29. Rh3 {[%clk 0:01:04]} Rh7 {[%clk 0:18:42]} 30. Rxh7
{[%clk 0:01:21]} Kxh7 {[%clk 0:19:10]} 31. Bc5 {[%clk 0:00:39]} Kg7 {[%clk
0:17:25]} 32. Bxf8+ {[%clk 0:00:40]} Rxf8 {[%clk 0:17:46]} 33. Rh1 {[%clk
0:00:45]} Rd8 {[%clk 0:16:45]} 34. Kg3 {[%clk 0:00:58]} Rc8 {[%clk 0:13:47]}
1/2-1/2

[Event "European Women's Championship"]
[Site "Vysoke Tatry"]
[Date "2018.04.08"]
[Round "1"]
[White "Sebag, Marie"]
[Black "Fuchs, Judith"]
[Result "1-0"]
[Board "6"]
[WhiteElo "2492"]
[WhiteTitle "GM"]
[WhiteCountry "FRA"]
[WhiteFideId "617822"]
[WhiteEloChange "2"]
[BlackElo "2286"]
[BlackTitle "WGM"]
[BlackCountry "GER"]
[BlackFideId "24605611"]
[BlackEloChange "-5"]

1. e4 {[%clk 1:30:57]} c5 {[%clk 1:30:54]} 2. Nf3 {[%clk 1:31:20]} d6 {[%clk
1:31:09]} 3. Bb5+ {[%clk 1:31:43]} Nd7 {[%clk 1:31:28]} 4. O-O {[%clk 1:31:47]}
Nf6 {[%clk 1:31:24]} 5. Re1 {[%clk 1:31:14]} a6 {[%clk 1:31:16]} 6. Bd3 {[%clk
1:31:38]} Ne5 {[%clk 1:31:27]} 7. Nxe5 {[%clk 1:27:23]} dxe5 {[%clk 1:31:26]} 8.
a4 {[%clk 1:25:58]} h5 {[%clk 1:31:39]} 9. Qe2 {[%clk 0:57:39]} Bg4 {[%clk
1:24:49]} 10. Qe3 {[%clk 0:56:41]} Rc8 {[%clk 1:23:06]} 11. Na3 {[%clk 0:31:58]}
g6 {[%clk 1:14:32]} 12. Bf1 {[%clk 0:20:18]} Qc7 {[%clk 1:02:23]} 13. Qc3 {[%clk
0:19:09]} Bg7 {[%clk 0:59:37]} 14. a5 {[%clk 0:17:40]} O-O {[%clk 0:50:06]} 15.
Nc4 {[%clk 0:17:31]} Ne8 {[%clk 0:47:31]} 16. Nb6 {[%clk 0:16:21]} Rd8 {[%clk
0:46:26]} 17. d3 {[%clk 0:15:07]} Rd6 {[%clk 0:41:54]} 18. Nd5 {[%clk 0:14:50]}
Rxd5 {[%clk 0:36:12]} 19. exd5 {[%clk 0:15:15]} Nd6 {[%clk 0:35:56]} 20. Be3
{[%clk 0:10:46]} Rc8 {[%clk 0:34:47]} 21. Qd2 {[%clk 0:10:38]} Kh7 {[%clk
0:31:48]} 22. c4 {[%clk 0:10:14]} Nf5 {[%clk 0:26:47]} 23. h3 {[%clk 0:06:42]}
Nxe3 {[%clk 0:26:56]} 24. Rxe3 {[%clk 0:06:43]} Bf5 {[%clk 0:24:38]} 25. Qe1
{[%clk 0:06:30]} e6 {[%clk 0:21:17]} 26. dxe6 {[%clk 0:04:49]} Bxe6 {[%clk
0:21:40]} 27. g3 {[%clk 0:04:49]} Rd8 {[%clk 0:18:20]} 28. Bg2 {[%clk 0:04:49]}
Rd4 {[%clk 0:16:41]} 29. h4 {[%clk 0:03:41]} Qd7 {[%clk 0:14:47]} 30. Ra3 {[%clk
0:03:52]} Qc7 {[%clk 0:05:10]} 31. Rb3 {[%clk 0:03:38]} Bc8 {[%clk 0:05:30]} 32.
Rb6 {[%clk 0:02:23]} Rd6 {[%clk 0:04:24]} 33. Rxd6 {[%clk 0:00:48]} Qxd6 {[%clk
0:04:52]} 34. Bd5 {[%clk 0:01:08]} Qd7 {[%clk 0:01:06]} 35. Rxe5 {[%clk 0:01:18]}
Bxe5 {[%clk 0:00:50]} 36. Qxe5 {[%clk 0:01:45]} Qg4 {[%clk 0:00:38]} 37. Qf6
{[%clk 0:00:52]} Be6 {[%clk 0:00:36]} 38. Bxe6 {[%clk 0:01:08]} fxe6 {[%clk
0:00:32]} 39. Qf7+ {[%clk 0:01:30]} Kh8 {[%clk 0:00:41]} 40. Qf6+ {[%clk
0:31:38]} Kh7 {[%clk 0:31:04]} 41. Qf7+ {[%clk 0:31:14]} Kh8 {[%clk 0:30:15]} 42.
Kg2 {[%clk 0:31:13]} Qf5 {[%clk 0:26:55]} 43. Qxf5 {[%clk 0:19:47]} gxf5 {[%clk
0:27:20]} 44. Kf3 {[%clk 0:20:10]} Kg7 {[%clk 0:27:09]} 45. Ke3 {[%clk 0:20:37]}
Kf6 {[%clk 0:25:11]} 46. f4 {[%clk 0:16:11]} Ke7 {[%clk 0:24:08]} 47. d4 {[%clk
0:16:36]} Kd6 {[%clk 0:24:27]} 48. Kd3 {[%clk 0:16:57]} 1-0

[Event "European Women's Championship"]
[Site "Vysoke Tatry"]
[Date "2018.04.08"]
[Round "1"]
[White "Yildiz Kadioglu, Betul Cemre"]
[Black "Khotenashvili, Bela"]
[Result "1/2-1/2"]
[Board "7"]
[WhiteElo "2286"]
[WhiteTitle "WGM"]
[WhiteCountry "TUR"]
[WhiteFideId "6302920"]
[WhiteEloChange "5"]
[BlackElo "2484"]
[BlackTitle "GM"]
[BlackCountry "GEO"]
[BlackFideId "13602640"]
[BlackEloChange "-3"]

1. Nf3 {[%clk 1:30:50]} Nf6 {[%clk 1:30:27]} 2. d4 {[%clk 1:31:15]} g6 {[%clk
1:30:46]} 3. c4 {[%clk 1:31:20]} Bg7 {[%clk 1:30:43]} 4. g3 {[%clk 1:31:38]} c5
{[%clk 1:30:22]} 5. Bg2 {[%clk 1:30:12]} Qa5+ {[%clk 1:30:17]} 6. Nc3 {[%clk
1:28:52]} Ne4 {[%clk 1:30:29]} 7. Qd3 {[%clk 1:29:01]} cxd4 {[%clk 1:29:20]} 8.
Nxd4 {[%clk 1:29:24]} Nc5 {[%clk 1:29:39]} 9. Qd1 {[%clk 1:27:50]} Nc6 {[%clk
1:28:35]} 10. e3 {[%clk 1:24:25]} Ne6 {[%clk 1:20:10]} 11. O-O {[%clk 1:18:51]}
O-O {[%clk 1:16:31]} 12. Nxe6 {[%clk 1:11:07]} dxe6 {[%clk 1:02:04]} 13. Bd2
{[%clk 1:10:04]} e5 {[%clk 0:44:54]} 14. Qe2 {[%clk 1:06:37]} h5 {[%clk 0:43:31]}
15. Rfd1 {[%clk 1:00:26]} Bg4 {[%clk 0:38:01]} 16. Bf3 {[%clk 0:53:33]} Bxf3
{[%clk 0:35:03]} 17. Qxf3 {[%clk 0:51:30]} Qa6 {[%clk 0:32:25]} 18. Qe2 {[%clk
0:37:53]} Rac8 {[%clk 0:22:46]} 19. Ne4 {[%clk 0:28:15]} Nd8 {[%clk 0:19:43]} 20.
Bb4 {[%clk 0:24:27]} f5 {[%clk 0:14:29]} 21. Nc3 {[%clk 0:21:50]} Re8 {[%clk
0:10:13]} 22. c5 {[%clk 0:16:29]} Qxe2 {[%clk 0:06:21]} 23. Nxe2 {[%clk 0:16:57]}
e4 {[%clk 0:04:16]} 24. Ba3 {[%clk 0:12:58]} Rc7 {[%clk 0:01:05]} 25. Nf4 {[%clk
0:11:32]} Kf7 {[%clk 0:01:24]} 26. Nd5 {[%clk 0:07:46]} Rd7 {[%clk 0:01:43]} 27.
Nf4 {[%clk 0:06:11]} Rc7 {[%clk 0:02:08]} 28. Nd5 {[%clk 0:06:10]} Rd7 {[%clk
0:00:46]} 29. Nf4 {[%clk 0:06:34]} Rxd1+ {[%clk 0:01:03]} 30. Rxd1 {[%clk
0:07:03]} Nc6 {[%clk 0:01:22]} 31. Rd7 {[%clk 0:02:31]} Rb8 {[%clk 0:01:43]} 32.
b3 {[%clk 0:00:40]} Be5 {[%clk 0:01:45]} 33. Kf1 {[%clk 0:00:36]} Bxf4 {[%clk
0:01:04]} 34. gxf4 {[%clk 0:01:01]} Ke6 {[%clk 0:01:32]} 35. Rc7 {[%clk 0:00:34]}
Kf7 {[%clk 0:01:02]} 36. b4 {[%clk 0:00:35]} a6 {[%clk 0:00:39]} 37. Rd7 {[%clk
0:00:49]} Ke6 {[%clk 0:01:08]} 38. Rd1 {[%clk 0:00:37]} Rd8 {[%clk 0:01:34]} 39.
Rb1 {[%clk 0:00:46]} Rd3 {[%clk 0:00:53]} 40. Bc1 {[%clk 0:30:56]} Rd1+ {[%clk
0:30:52]} 41. Ke2 {[%clk 0:27:52]} Rh1 {[%clk 0:29:42]} 42. a4 {[%clk 0:25:31]}
Kd5 {[%clk 0:24:57]} 43. b5 {[%clk 0:25:34]} axb5 {[%clk 0:25:20]} 44. axb5
{[%clk 0:26:02]} Na5 {[%clk 0:23:43]} 45. h4 {[%clk 0:18:01]} Nc4 {[%clk
0:17:51]} 46. Ra1 {[%clk 0:16:47]} Rxh4 {[%clk 0:14:38]} 47. Ra7 {[%clk 0:15:37]}
Rh1 {[%clk 0:13:11]} 48. Bd2 {[%clk 0:15:02]} Rb1 {[%clk 0:12:48]} 49. Rxb7
{[%clk 0:13:14]} Rb2 {[%clk 0:10:54]} 50. c6 {[%clk 0:12:23]} Rxd2+ {[%clk
0:11:11]} 51. Ke1 {[%clk 0:12:49]} Rb2 {[%clk 0:07:05]} 52. c7 {[%clk 0:10:38]}
Rb1+ {[%clk 0:06:42]} 53. Ke2 {[%clk 0:11:06]} Nd6 {[%clk 0:04:32]} 54. Rb8
{[%clk 0:10:38]} h4 {[%clk 0:00:37]} 55. Rd8 {[%clk 0:09:05]} h3 {[%clk 0:00:41]}
56. c8Q {[%clk 0:07:52]} Rb2+ {[%clk 0:00:52]} 57. Ke1 {[%clk 0:06:51]} h2 {[%clk
0:00:51]} 58. Qc6+ {[%clk 0:06:26]} Ke6 {[%clk 0:01:20]} 59. Rh8 {[%clk 0:00:57]}
Rb1+ {[%clk 0:01:36]} 60. Kd2 {[%clk 0:01:23]} h1Q {[%clk 0:02:03]} 61. Rxh1
{[%clk 0:01:47]} Rxh1 {[%clk 0:02:29]} 62. b6 {[%clk 0:01:24]} Kf7 {[%clk
0:00:41]} 63. Qd5+ {[%clk 0:01:30]} Kf6 {[%clk 0:00:45]} 64. Kc2 {[%clk 0:01:06]}
Rh2 {[%clk 0:00:39]} 65. b7 {[%clk 0:00:55]} Rxf2+ {[%clk 0:01:01]} 66. Kc3
{[%clk 0:01:21]} Nxb7 {[%clk 0:01:06]} 67. Qxb7 {[%clk 0:01:48]} Rg2 {[%clk
0:00:43]} 68. Qb6+ {[%clk 0:02:10]} Kf7 {[%clk 0:01:07]} 69. Qb4 {[%clk 0:01:05]}
Rg1 {[%clk 0:00:36]} 70. Qb3+ {[%clk 0:01:07]} Kf6 {[%clk 0:01:05]} 71. Qb6+
{[%clk 0:00:40]} Kf7 {[%clk 0:01:23]} 72. Qb3+ {[%clk 0:01:05]} Kf6 {[%clk
0:01:47]} 73. Qb2 {[%clk 0:00:56]} Kf7 {[%clk 0:02:06]} 74. Qa2+ {[%clk 0:01:06]}
Kf6 {[%clk 0:02:27]} 75. Qb2 {[%clk 0:00:45]} Kf7 {[%clk 0:02:52]} 76. Qb3+
{[%clk 0:00:59]} 1/2-1/2